Votos de calidad : datos históricos : cifras y explicaciones sobre esta entidad de ahorro oficialmente autorizada / Los Previsores del Porvenir datos históricos :
Descripción Física:
31 p. ; 17 cm
MARC
| LEADER | 00000nam a2200000Ia 4500 | ||
|---|---|---|---|
| 001 | 11700 | ||
| 008 | 160829s1929 xx 000 0 cat d | ||
| 080 | |a RF-4-2 | ||
| 110 | 2 | |a Los Previsores del Porvenir (Entitat) |9 55137 | |
| 245 | |a Votos de calidad : |b datos históricos : |b cifras y explicaciones sobre esta entidad de ahorro oficialmente autorizada / Los Previsores del Porvenir | ||
| 260 | |a Madrid : |b (Nueva Imp. Radio), |c 1929 | ||
| 300 | |a 31 p. ; |c 17 cm | ||
| 610 | 2 | 0 | |a Los Previsores del Porvenir (Entitat) |9 55137 |
| 650 | |a Companyies d'assegurances |9 25732 | ||
| 650 | |a Bancs |9 32540 | ||
| 856 | 4 | |u https://media.diba.cat/diba/fitxers/arxiu/fulletons/bib_11700_1929_baixa.pdf |y Accés lliure | |
| 856 | 4 | |u https://media.diba.cat/diba/fitxers/arxiu/fulletons/bib_11700_1929_baixa.pdf |y Accés lliure | |
| 901 | |a Arxiu | ||
| 942 | |n 1 |2 udc | ||
| 952 | |0 0 |1 0 |4 0 |6 RF42 |7 1 |9 46026 |a Arxiu |b Arxiu |d 2016-12-01 |l 0 |o RF-4-2 |p 11700 |r 2016-12-01 00:00:00 |w 2016-12-01 |y ARXIU | ||
| 999 | |c 49527 |d 49527 | ||
| 900 | |a bib_11700_1929_baixa.pdf | ||